A mí no me gustan los boleros / (Registro nro. 7099)

Detalles MARC
000 -LIDER
fixed length control field 00804nam a2200277 a 4500
001 - NÚMERO DE CONTROL
Identificador de número de control 000015559
003 - IDENTIFICACDOR DE NÚMERO DE CONTROL
control field 000015559
005 - DATE AND TIME OF LATEST TRANSACTION
control field 20240404110027.0
008 - ELEMENTOS DE LONGITUD FIJA
fixed length control field 100212s2009 dr 00 j spa d
020 ## - ISBN
International Standard Book Number 9789945113556
040 ## - FUENTE DE CATALOGACIÓN
Agencia que crea de manera original el registro BPMSU
Idioma de catalogación spa
Agencia que realiza la transcripción BPMSU
041 ## - CÓDIGOS DE OBRAS TRADUCIDAS O EN VARIOS IDIOMAS
Enlace
Campo de enlace y núm. de secuencia
082 ## - NÚMERO DE CLASIFICACIÓN DECIMAL DE DEWEY
Classification number RD863.44
Item number M647a 2009
Edition number 22
100 1# - ASIENTO PRINCIPAL -- NOMBRE PERSONAL
Nombre personal Miller, Jeannette,
Fechas asociadas con el nombre 1944-
245 10 - MENCIÓN DE TITULO
Título A mí no me gustan los boleros /
Mención de responsabilidad Jeannette Miller.
250 ## - MENCIÓN DE EDICION
Mención de edición 2a ed.
260 ## - PUBLICACIÓN, DISTRIBUCIÓN, ETC. (PIE DE IMPRENTA)
Lugar de publicación, distribución, etc Santo Domingo :
Nombre del editor, distribuidor, etc. Grupo Santillana,
Fecha de publicación, distribución, etc 2009.
300 ## - DESCRIPCIÓN FÍSICA
Extensión 100 p. ;
Dimensiones 20 cm.
490 0# - MENCIÓN DE SERIES
Mención de serie Punto de lectura,
Volume/sequential designation 332/1
500 ## - NOTA GENERAL
Nota general Incluye datos biográficos de la autora.
590 ## - NOTA LOCAL
Texto de la nota local Inventariado, 2024/VM
650 #4 - ENCABEZAMIENTO DE MATERIA--TEMÁTICO
Término temático o nombre geográfico como elemento de entrada Cuentos dominicanos
650 #4 - ENCABEZAMIENTO DE MATERIA--TEMÁTICO
Término temático o nombre geográfico como elemento de entrada Literatura dominicana
910 ## - VALIDACIÓN
Validación VMateo V. Control de calidad BPMSU
942 ## - ADDED ENTRY ELEMENTS (KOHA)
Source of classification or shelving scheme Dewey Decimal Classification
Koha item type Libros
Existencias
Withdrawn status Lost status Source of classification or shelving scheme Damaged status Not for loan Collection code Home library Current library Date acquired Total Checkouts Full call number Barcode Date last seen Price effective from Koha item type Public note Copy number Source of acquisition
    Dewey Decimal Classification     Colección Dominicana Biblioteca Pública Metropolitana Salomé Ureña Biblioteca Pública Metropolitana Salomé Ureña 07/08/2014   BPMSU CD RD863.44 M647a 2009 BPMSU15040466 07/08/2014 07/08/2014 Libros    
    Dewey Decimal Classification     Colección General Biblioteca Pública Metropolitana Salomé Ureña Biblioteca Pública Metropolitana Salomé Ureña 06/23/2015   BPMSU CD RD863.44 M647a 2009 BPMSU15060132 06/23/2015 06/23/2015 Libros   e.2  
    Dewey Decimal Classification     Colección Dominicana Biblioteca Pública Metropolitana Salomé Ureña Biblioteca Pública Metropolitana Salomé Ureña 06/23/2015   BPMSU CD RD863.44 M647a 2009 BPMSU15060133 06/23/2015 06/23/2015 Libros   e.3 Alfaguara